01013nam a2200265 a 450000100060000000300080000600500170001400800410003102000320007203500190010404000320012304100130015508200260016810000310019424501590022526000610038430000260044550400640047165000370053565000410057265000320061365100410064570000310068670000300071750107BD-RjUL20211209075447.0160823s1997 hiu b 001 0 eng  a0824818466 (acidfree paper) a(BD-RjUL)50227 aDLCcDLCdDLCdBD-RjULbeng1 aenghjpn00a370.952223bYUP 19971 aMotoyama, Yukihiko,d1924-10aProliferating talent :bessays on politics, thought, and education in the Meiji era /cMotoyama Yukihiko ; edited by J.S.A. Elisonas and Richard Rubinger. aHonolulu, Hawaii :bUniversity of Hawai'i Press,cc1997. axii, 475 p. ;c24 cm. aIncludes bibliographical references (p. 399-437) and index. 0aEducationzJapanxHistoryy1868- 0aEducationxPolitical aspectszJapan. 0aEducation and statezJapan. 0aJapanxIntellectual lifey1868-1912.1 aElisonas, J. S. A.,d1937-1 aRubinger, Richard,d1943-